000 01832nam a2200517 i 4500
001 24680
003 KOSZ 005
005 20200713150832.0
008 970510s1992 pl a f |000 0 pol
015 _aUWD 1993/5526
035 _a991000983669705066
035 _a(PL-WaBN)b10298861-48omnis_nlop
035 _ab10298861
035 _a(OCoLC)804208813
035 _a(PL)b0000001029886
035 _a(EXLNZ-48OMNIS_NETWORK)9910327238105606
040 _aWA N
_cWA N
_dKOSZ 005/EG
041 _apol
080 _a551.1/.4
080 _a556.3
080 _a624.131
080 _a(075.8)
100 1 _aLenczewska-Samotyja, Elżbieta
_eAutor
245 1 0 _aZarys geologii z elementami geologii inżynierskiej i hydrogeologii /
_cElżbieta Lenczewska-Samotyja, Adam Łowkis, Natalia Zdrojewska.
260 _aWarszawa :
_bWydawnictwa Politechniki Warszawskiej,
_c1992.
300 _a143 s., [1] k. tabl. złoż. :
_bmapy, rys., wykr. ;
_c24 cm.
336 _aTekst
_btxt
_2rdacontent
337 _aBez urządzenia pośredniczącego
_bn
_2rdamedia
338 _aWolumin
_bnc
_2rdacarrier
380 _aKsiążki
380 _aPublikacje dydaktyczne
385 _mPoziom nauczania
_aSzkoły wyższe
388 _a1901-2000
388 _a1989-2000
650 7 _aGeologia
_2DBN
650 7 _aGeologia inżynierska
_2DBN
650 7 _aWody podziemne
_2DBN
655 7 _aPodręczniki akademickie
_2DBN
658 _aGeografia i nauki o Ziemi
700 1 _aŁowkis, Adam
_eAutor
700 1 _aZdrojewska, Natalia
_d(?-1984)
_eAutor
710 2 _aOficyna Wydawnicza Politechniki Warszawskiej
_4pbl
856 _uhttp://koha.tu.koszalin.pl/cgi-bin/koha/opac-detail.pl?biblionumber=24680
_yKatalog online BPK
942 _2UKD
_cKS
999 _c24680
_d24680